[Event "Olympiad Women-44"]
[Site "Chennai"]
[Date "2022.08.08"]
[Round "10.4"]
[White "Razafindrabe, Bakoly"]
[Black "Tiba, Mahdi Attiyah"]
[Result "1-0"]
[WhiteElo "1238"]
[BlackElo "1759"]
[PlyCount "59"]
[EventDate "2022.07.29"]
[EventType "team-swiss"]
[EventRounds "11"]
[EventCountry "IND"]
[SourceTitle "CBM 210"]
[Source "ChessBase"]
[SourceDate "2022.10.31"]
[SourceVersion "1"]
[SourceVersionDate "2022.10.31"]
[SourceQuality "1"]
[WhiteTeam "Madagascar (W)"]
[BlackTeam "Iraq (W)"]
[WhiteTeamCountry "MAD"]
[BlackTeamCountry "IRQ"]

1. e4 d5 2. exd5 Qxd5 3. Nc3 Qa5 4. d4 c6 5. Bc4 Nf6 6. Nf3 Bf5 7. Bd2 e6 8. Nd5 Qd8 9. Nxf6+ Qxf6 10. Bb3 h6 11. Qe2 Be7 12. h3 Bh7 13. 0-0-0 0-0 14. g4 Bd6 15. Rhg1 g5 16. Ne5 Rd8 17. h4 Nd7 18. Rde1 Bf8 19. hxg5 hxg5 20. Ref1 Nxe5 21. dxe5 Qe7 22. f4 gxf4 23. Bxf4 Qc5 24. Kb1 b5 25. Qh2 Bg6 26. Rh1 Bg7 27. Re1 Kf8 28. Bg5 Rd7 29. Bf6 Bxf6 30. exf6 1-0

[Event "Olympiad Women-44"]
[Site "Chennai"]
[Date "2022.08.06"]
[Round "8.3"]
[White "Hng, Mei Xian Eunice"]
[Black "Tiba, Mahdi Attiyah"]
[Result "1-0"]
[WhiteElo "1823"]
[BlackElo "1759"]
[PlyCount "41"]
[EventDate "2022.07.29"]
[EventType "team-swiss"]
[EventRounds "11"]
[EventCountry "IND"]
[SourceTitle "CBM 210"]
[Source "ChessBase"]
[SourceDate "2022.10.31"]
[SourceVersion "1"]
[SourceVersionDate "2022.10.31"]
[SourceQuality "1"]
[WhiteTeam "Singapore (W)"]
[BlackTeam "Iraq (W)"]
[WhiteTeamCountry "SIN"]
[BlackTeamCountry "IRQ"]

1. e4 d5 2. exd5 Qxd5 3. Nc3 Qa5 4. d4 c6 5. Bc4 Nf6 6. Nf3 Bf5 7. 0-0 e6 8. Bf4 Nbd7 9. Re1 Be7 10. h3 h6 11. g4 Bg6 12. Bg3 Qd8 13. Qe2 Kf8 14. Rad1 Bb4 15. Nh4 Bh7 16. Bxe6 fxe6 17. Qxe6 Ne8 18. d5 Qe7 19. Qxe7+ Bxe7 20. dxc6 Bxh4 21. cxb7 1-0

[Event "Olympiad Women-44"]
[Site "Chennai"]
[Date "2022.07.30"]
[Round "2.3"]
[White "Marwa, Jadalla"]
[Black "Tiba, Mahdi Attiyah"]
[Result "0-1"]
[WhiteElo "1316"]
[BlackElo "1759"]
[PlyCount "62"]
[EventDate "2022.07.29"]
[EventType "team-swiss"]
[EventRounds "11"]
[EventCountry "IND"]
[SourceTitle "CBM 210"]
[Source "ChessBase"]
[SourceDate "2022.10.31"]
[SourceVersion "1"]
[SourceVersionDate "2022.10.31"]
[SourceQuality "1"]
[WhiteTeam "Sudan (W)"]
[BlackTeam "Iraq (W)"]
[WhiteTeamCountry "SUD"]
[BlackTeamCountry "IRQ"]

1. d4 d5 2. Bf4 Nf6 3. e3 c6 4. Nd2 Bf5 5. c3 e6 6. Be2 Nbd7 7. Ngf3 h6 8. Ne5 Nxe5 9. Bxe5 Bd6 10. Bg3 Ne4 11. Nxe4 Bxe4 12. Bf3 Bg6 13. Be2 Qc7 14. Bd3 Bxd3 15. Qxd3 0-0 16. Bxd6 Qxd6 17. h4 e5 18. Kd2 e4 19. Qe2 f5 20. f4 exf3 21. gxf3 Rae8 22. Rae1 c5 23. Qg2 cxd4 24. f4 dxe3+ 25. Rxe3 Rxe3 26. Kxe3 Re8+ 27. Kf3 Re4 28. Qg3 Qc5 29. Qg1 Qc4 30. Qf2 Rxf4+ 31. Kg2 Rxf2+ 0-1

[Event "Arab-ch U16 Girls"]
[Site "Baghdad"]
[Date "2022.03.15"]
[Round "7"]
[White "Tiba, Mahdi Attiyah"]
[Black "Al Bulushi, Rawan"]
[Result "1-0"]
[WhiteElo "1693"]
[BlackElo "1494"]
[PlyCount "28"]
[EventDate "2022.03.10"]
[EventType "swiss"]
[EventRounds "9"]
[EventCountry "IRQ"]
[SourceTitle "EXT 2023"]
[Source "ChessBase"]
[SourceDate "2022.10.05"]
[SourceVersion "1"]
[SourceVersionDate "2022.10.05"]
[SourceQuality "1"]

1. c3 g6 2. d4 d5 3. Nf3 Nc6 4. Be3 Qd6 5. g3 Nf6 6. a3 Bh3 7. Bf4 Qd7 8. Ng5 Bxf1 9. Qd3 Qf5 10. Qxf5 gxf5 11. Be5 Rb8 12. b4 Rd8 13. f4 Kd7 14. Kf2 h5 1-0

[Event "Arab-ch U16 Girls"]
[Site "Baghdad"]
[Date "2022.03.12"]
[Round "4"]
[White "Tiba, Mahdi Attiyah"]
[Black "Djerroud, Chahrazed"]
[Result "1-0"]
[WhiteElo "1693"]
[BlackElo "1570"]
[PlyCount "181"]
[EventDate "2022.03.10"]
[EventType "swiss"]
[EventRounds "9"]
[EventCountry "IRQ"]
[SourceTitle "EXT 2023"]
[Source "ChessBase"]
[SourceDate "2022.10.05"]
[SourceVersion "1"]
[SourceVersionDate "2022.10.05"]
[SourceQuality "1"]

1. e4 e5 2. Nf3 Nc6 3. Bc4 Bc5 4. c3 Nf6 5. d3 d6 6. h3 a6 7. Bb3 Ba7 8. 0-0 Ne7 9. Nbd2 Ng6 10. Re1 0-0 11. Nf1 Re8 12. Be3 d5 13. exd5 Nxd5 14. Bxa7 Rxa7 15. Ng3 Nf6 16. Qc2 c5 17. d4 exd4 18. Rxe8+ Qxe8 19. cxd4 cxd4 20. Qc5 Ra8 21. Qxd4 b5 22. Re1 Qd7 23. Rc1 Qxd4 24. Nxd4 Ne8 25. Bd5 Rb8 26. Nc6 Rb6 27. Nd8 Be6 28. Nxe6 fxe6 29. Bb3 Nf4 30. Rd1 Rd6 31. Re1 Kf7 32. Ne4 Rc6 33. Ng5+ Kf6 34. Nxh7+ Kg6 35. Nf8+ Kf7 36. Nd7 Nd3 37. Ne5+ Nxe5 38. Rxe5 Kf6 39. Re2 e5 40. f3 Nd6 41. Rc2 Rxc2 42. Bxc2 Nc4 43. b3 Ne3 44. Be4 Nd1 45. a4 Nc3 46. axb5 axb5 47. Kf2 Ke6 48. Ke3 Kd6 49. Kd2 Na2 50. Kc2 Kc5 51. h4 Kd4 52. Kd2 Nc3 53. Bd3 b4 54. g4 Nd5 55. g5 Nf4 56. Be4 Nh5 57. Bg6 Nf4 58. Bf7 Nh3 59. Be8 e4 60. fxe4 Kxe4 61. Bg6+ Kd4 62. Bf7 Ng1 63. Bh5 Nh3 64. Bg4 Nf2 65. Bf3 Nh3 66. g6 Nf4 67. h5 Ke5 68. Ke3 Ne6 69. Kd3 Kf4 70. Bd1 Ng5 71. Kc4 Ne4 72. Kxb4 Kg5 73. Ka5 Nc3 74. Bc2 Kf6 75. Kb4 Nd5+ 76. Kc5 Nc7 77. Bd3 Ke7 78. b4 Kf8 79. b5 Nxb5 80. Bxb5 Kg8 81. Kd5 Kf8 82. Ke6 Kg8 83. Kf5 Kh8 84. Kg5 Kg8 85. h6 Kh8 86. hxg7+ Kg8 87. Bc4+ Kxg7 88. Bd3 Kg8 89. Kh6 Kh8 90. Bc2 Kg8 91. g7 1-0

[Event "IRQ-ch (Women)"]
[Site "Baghdad"]
[Date "2021.11.03"]
[Round "13"]
[White "Ruwaida Saad, Mohsin Al Naseri"]
[Black "Tiba, Mahdi Attiyah"]
[Result "1/2-1/2"]
[WhiteElo "1523"]
[BlackElo "1543"]
[PlyCount "40"]
[EventDate "2021.10.27"]
[EventType "tourn"]
[EventRounds "13"]
[EventCountry "IRQ"]
[SourceTitle "EXT 2023"]
[Source "ChessBase"]
[SourceDate "2022.10.05"]
[SourceVersion "1"]
[SourceVersionDate "2022.10.05"]
[SourceQuality "1"]

1. d4 d5 2. Bf4 Nf6 3. e3 Bf5 4. Nf3 c6 5. Bd3 Bg6 6. c4 e6 7. 0-0 Be7 8. Nc3 0-0 9. Ne5 Bxd3 10. Qxd3 Nbd7 11. h3 Nxe5 12. Bxe5 Bd6 13. Bxd6 Qxd6 14. cxd5 Nxd5 15. Nxd5 Qxd5 16. Rfc1 Qd6 17. Rc5 Rfe8 18. Qb3 Qd7 19. Rd1 Rad8 20. Rdc1 h6 1/2-1/2

[Event "IRQ-ch (Women)"]
[Site "Baghdad"]
[Date "2021.11.01"]
[Round "10"]
[White "Tiba, Mahdi Attiyah"]
[Black "Nabaa Sami, Abbas Al Attra"]
[Result "1/2-1/2"]
[WhiteElo "1543"]
[BlackElo "1807"]
[PlyCount "120"]
[EventDate "2021.10.27"]
[EventType "tourn"]
[EventRounds "13"]
[EventCountry "IRQ"]
[SourceTitle "EXT 2023"]
[Source "ChessBase"]
[SourceDate "2022.10.05"]
[SourceVersion "1"]
[SourceVersionDate "2022.10.05"]
[SourceQuality "1"]

1. e4 e6 2. d4 d5 3. exd5 exd5 4. Bd3 Bd6 5. Nf3 Ne7 6. Bg5 f6 7. Bh4 Bf5 8. Bg3 Nbc6 9. 0-0 Qd7 10. c3 0-0-0 11. Qc2 g5 12. Bxd6 Bxd3 13. Qxd3 Qxd6 14. Nbd2 h5 15. b4 Rdg8 16. b5 Nd8 17. Rfe1 h4 18. Nf1 g4 19. N3d2 Qd7 20. a4 Nf5 21. Ne3 Nxe3 22. Rxe3 Qh7 23. Qxh7 Rxh7 24. Rae1 Kd7 25. Nb3 b6 26. Nc1 Rgg7 27. Nd3 Kd6 28. Re8 Rd7 29. Rg8 Rhg7 30. Rxg7 Rxg7 31. Nf4 c5 32. Re8 Kd7 33. Re1 Rg5 34. Re3 cxd4 35. cxd4 Rf5 36. Ng6 Ne6 37. Nxh4 Rf4 38. Rd3 Rxd4 39. Rxd4 Nxd4 40. f3 gxf3 41. gxf3 Ne2+ 42. Kf2 Nc3 43. Ng2 Ke6 44. Ne3 Nxa4 45. h4 d4 46. Nc4 Nc3 47. Na3 Kf5 48. Ke1 Kf4 49. h5 Kg5 50. Kd2 Kxh5 51. Kd3 Kg5 52. Kxd4 Nxb5+ 53. Nxb5 Kf4 54. Nxa7 Kxf3 55. Nb5 f5 56. Nc3 Kg4 57. Nd5 b5 58. Kc5 f4 59. Nxf4 Kxf4 60. Kxb5 Ke4 1/2-1/2